Bám sát mục tiêu kiểm toán, xác định cụ thể nội dung cuộc kiểm toán nhằm nâng cao chất lượng kiểm toán và rút ngắn thời gian phát hành Báo cáo kiểm toán /
Shranjeno v:
| Glavni avtor: | |
|---|---|
| Format: | Bài viết |
| Jezik: | Vietnamese |
| Teme: | |
| Oznake: |
Označite
Brez oznak, prvi označite!
|
| Thư viện lưu trữ: | Thư viện Trường Đại học Đà Lạt |
|---|
| LEADER | 00898nam a2200265 4500 | ||
|---|---|---|---|
| 001 | DLU120136010 | ||
| 005 | ##20120605 | ||
| 040 | # | # | |a DLU |b vie |
| 041 | # | # | |a vie |
| 044 | # | # | |a vn |
| 100 | # | # | |a Vũ Khánh Toàn. |
| 245 | # | # | |a Bám sát mục tiêu kiểm toán, xác định cụ thể nội dung cuộc kiểm toán nhằm nâng cao chất lượng kiểm toán và rút ngắn thời gian phát hành Báo cáo kiểm toán / |c Vũ Khánh Toàn. |
| 653 | # | # | |a Đào tạo chuyên nghiệp |
| 653 | # | # | |a Kiểm toán |
| 653 | # | # | |a Nghiệp vụ |
| 773 | # | # | |t Tạp chí Kiểm toán |g Số 3, 2010, tr. 46-47 |
| 920 | # | # | |a Phòng Tạp chí -- Trung tâm Thông tin - Thư viện Trường Đại học Đà Lạt |
| 994 | # | # | |a DLU |
| 900 | # | # | |a True |
| 911 | # | # | |a Nguyễn Thị Linh Chi |
| 925 | # | # | |a G |
| 926 | # | # | |a A |
| 927 | # | # | |a BB |
| 980 | # | # | |a Thư viện Trường Đại học Đà Lạt |